[Event "FRA-ch U18"]
[Site "Belfort"]
[Date "2017.04.16"]
[Round "2.4"]
[White "Mutlu, Mehmed Emin"]
[Black "Eugene, Floryan"]
[Result "0-1"]
[WhiteElo "1921"]
[BlackElo "2271"]
[PlyCount "60"]
[EventDate "2017.04.16"]
[EventType "swiss"]
[EventRounds "9"]
[EventCountry "FRA"]
[SourceTitle "EXT 2019"]
[Source "ChessBase"]
[SourceDate "2018.10.10"]
[SourceVersion "1"]
[SourceVersionDate "2018.10.10"]
[SourceQuality "1"]

1. e4 e5 2. Nc3 Nc6 3. f4 d6 4. Nf3 Nf6 5. d4 exd4 6. Nxd4 Be7 7. Be2 0-0 8. Be3 Re8 9. Bf3 Nxe4 10. Bxe4 d5 11. Bxh7+ Kxh7 12. Qh5+ Kg8 13. 0-0-0 Bc5 14. Bf2 Nxd4 15. Bxd4 Bxd4 16. Rxd4 c6 17. f5 Qf6 18. Rf4 Re5 19. g4 Qh6 20. Qxh6 gxh6 21. Rg1 f6 22. Kd2 Bd7 23. Rg2 Kf7 24. Kd3 c5 25. Re2 Rae8 26. Rff2 d4 27. Rxe5 Rxe5 28. Ne4 Bb5+ 29. c4 dxc3+ 30. Ke3 Bc6 0-1